Microbiología médica (8ª edición) (Registro nro. 2031)

Detalles MARC
000 -LEADER
fixed length control field 01636nam a22002057a 4500
003 - CONTROL NUMBER IDENTIFIER
control field OSt
005 - DATE AND TIME OF LATEST TRANSACTION
control field 20260327104256.0
008 - FIXED-LENGTH DATA ELEMENTS--GENERAL INFORMATION
fixed length control field 260327b |||||||| |||| 00| 0 ESP d
082 ## - DEWEY DECIMAL CLASSIFICATION NUMBER
Classification number 13 9788491130765
100 ## - MAIN ENTRY--PERSONAL NAME
Personal name Patrick R. Murray, Ken S. Rosenthal y Michael A. Pfaller.
245 ## - TITLE STATEMENT
Title Microbiología médica (8ª edición)
250 ## - EDITION STATEMENT
Edition statement 8VA EDICION
260 ## - PUBLICATION, DISTRIBUTION, ETC.
Place of publication, distribution, etc. Barcelona, España.
Name of publisher, distributor, etc. Elsevier España, S.L.U.
Date of publication, distribution, etc. 24 de abril de 2017.
300 ## - PHYSICAL DESCRIPTION
Extent 848 páginas.
Dimensions 27,6 cm X 21,6 cm
Accompanying material Tapa blanda
490 ## - SERIES STATEMENT
Materials specified Tapa blanda (Rústica).
520 ## - SUMMARY, ETC.
Summary, etc. Se divide principalmente en cuatro grandes bloques: bacteriología, virología, micología (hongos) y parasitología. Lo que lo hace especial es su enfoque práctico y clínico:<br/>Relación Huésped-Parásito: No solo describe al "bicho", sino que explica cómo interactúa con el sistema inmune humano y el papel del microbioma (las bacterias buenas que ya tenemos).<br/>Casos Clínicos: Cada sección suele empezar con la historia de un paciente real, lo que ayuda a entender los síntomas y el diagnóstico en un contexto médico, no solo de laboratorio.<br/>Diagnóstico y Tratamiento: Detalla las técnicas actuales para identificar patógenos y los fármacos (antibióticos, antivirales) que se usan para combatirlos.<br/>Resúmenes Visuales: Utiliza muchas fotos a color, tablas comparativas y cuadros de "conceptos clave" para que los puntos más importantes sean fáciles de memorizar antes de un examen.
650 ## - SUBJECT ADDED ENTRY--TOPICAL TERM
Topical term or geographic name entry element Microbiología médica
General subdivision Diagnóstico
Chronological subdivision Inmunología
Form subdivision Casos clínicos
700 ## - ADDED ENTRY--PERSONAL NAME
Personal name Patrick R. Murray, Ken S. Rosenthal y Michael A. Pfaller.
942 ## - ADDED ENTRY ELEMENTS (KOHA)
Source of classification or shelving scheme Dewey Decimal Classification
Koha item type Libros
Suppress in OPAC No
Existencias
Withdrawn status Lost status Source of classification or shelving scheme Damaged status Not for loan Collection Home library Current library Shelving location Date acquired Total checkouts Full call number Barcode Date last seen Copy number Price effective from Koha item type
    Dewey Decimal Classification     Estantería D Fila 4 Biblioteca Stanford Biblioteca Stanford Biblioteca Cerrada 27.03.2026   0788 BIQU0788 27.03.2026 1 27.03.2026 Libros
Bienvenido a nuestra Biblioteca